PLL All-Stars - Statistics

General Stats
  • This quiz has been taken 22 times
  • The average score is 72 of 247
Answer Stats
Year Pos Team Player % Correct
2025 A Atlas Jeff Teat
82%
2024 A Atlas Jeff Teat
82%
2023 A Atlas Jeff Teat
82%
2022 A Atlas Jeff Teat
82%
2021 A Atlas Jeff Teat
82%
2025 A Waterdogs Michael Sowers
82%
2024 A Waterdogs Michael Sowers
82%
2023 A Waterdogs Michael Sowers
82%
2025 A Outlaws Brennan O'Neill
65%
2024 M Outlaws Brennan O'Neill
65%
2025 G Chaos Blaze Riorden
59%
2024 G Chaos Blaze Riorden
59%
2023 G Chaos Blaze Riorden
59%
2022 G Chaos Blaze Riorden
59%
2021 G Chaos Blaze Riorden
59%
2019 G Chaos Blaze Riorden
59%
2025 A Redwoods Chris Kavanagh
59%
2025 G Cannons Colin Kirst
59%
2024 G Cannons Colin Kirst
59%
2023 G Cannons Colin Kirst
59%
2025 A Atlas Connor Shellenberger
59%
2024 A Atlas Connor Shellenberger
59%
2023 A Whipsnakes Matt Rambo
59%
2022 A Whipsnakes Matt Rambo
59%
2021 A Whipsnakes Matt Rambo
59%
2019 A Whipsnakes Matt Rambo
59%
2025 A Outlaws Pat Kavanagh
59%
2021 M Cannons Paul Rabil
59%
2019 M Atlas Paul Rabil
59%
2025 A Archers Connor Fields
53%
2024 A Archers Connor Fields
53%
2019 A Chaos Connor Fields
53%
2025 A Cannons Marcus Holman
53%
2024 A Cannons Marcus Holman
53%
2023 A Cannons Marcus Holman
53%
2022 A Archers Marcus Holman
53%
2021 A Archers Marcus Holman
53%
2019 A Archers Marcus Holman
53%
2025 A Whipsnakes T.J. Malone
53%
2025 A Cannons Asher Nolting
47%
2024 A Cannons Asher Nolting
47%
2023 A Cannons Asher Nolting
47%
2019 A Redwoods Matt Kavanagh
47%
2025 FO Atlas Trevor Baptiste
47%
2024 FO Atlas Trevor Baptiste
47%
2023 FO Atlas Trevor Baptiste
47%
2022 FO Atlas Trevor Baptiste
47%
2021 FO Atlas Trevor Baptiste
47%
2019 FO Atlas Trevor Baptiste
47%
2025 G Archers Brett Dobson
41%
2024 G Archers Brett Dobson
41%
2023 G Archers Brett Dobson
41%
2025 D Chaos Jack Rowlett
41%
2024 D Chaos Jack Rowlett
41%
2023 D Chaos Jack Rowlett
41%
2022 D Chaos Jack Rowlett
41%
2021 D Chaos Jack Rowlett
41%
2025 D Chaos Jarrod Neumann
41%
2024 D Chaos Jarrod Neumann
41%
2023 D Chaos Jarrod Neumann
41%
2022 D Chaos Jarrod Neumann
41%
2021 D Chaos Jarrod Neumann
41%
2019 D Chaos Jarrod Neumann
41%
2024 A Redwoods Ryder Garnsey
41%
2023 A Redwoods Ryder Garnsey
41%
2025 D Archers Graeme Hossack
35%
2022 D Archers Graeme Hossack
35%
2021 D Archers Graeme Hossack
35%
2024 M Archers Grant Ament
35%
2021 A Archers Grant Ament
35%
2025 M Waterdogs Jack Hannah
35%
2025 LSM Outlaws Jake Piseno
35%
2024 LSM Outlaws Jake Piseno
35%
2025 G Atlas Liam Entenmann
35%
2025 M Cannons Matt Campbell
35%
2024 M Cannons Matt Campbell
35%
2023 M Cannons Matt Campbell
35%
2024 M Atlas Myles Jones
35%
2022 M Redwoods Myles Jones
35%
2021 M Redwoods Myles Jones
35%
2019 M Chaos Myles Jones
35%
2025 M Archers Tom Schreiber
35%
2024 M Archers Tom Schreiber
35%
2023 M Archers Tom Schreiber
35%
2022 M Archers Tom Schreiber
35%
2021 M Archers Tom Schreiber
35%
2019 M Archers Tom Schreiber
35%
2025 LSM Atlas Tyler Carpenter
35%
2024 LSM Atlas Tyler Carpenter
35%
2025 M Whipsnakes Aidan Carroll
29%
2025 D Whipsnakes Ajax Zappitello
29%
2025 M Redwoods Andrew McAdorey
29%
2022 M Whipsnakes Brad Smith
29%
2025 D Atlas Brett Makar
29%
2023 LSM Atlas Brett Makar
29%
2025 SSDM Redwoods Brian Tevlin
29%
2025 M Outlaws Dalton Young
29%
2025 SSDM Atlas Danny Logan
29%
2024 SSDM Atlas Danny Logan
29%
2023 SSDM Atlas Danny Logan
29%
2022 SSDM Atlas Danny Logan
29%
2021 SSDM Atlas Danny Logan
29%
2023 M Chaos Dhane Smith
29%
2021 M Chaos Dhane Smith
29%
2025 SSDM Waterdogs Dylan Hess
29%
2025 A Redwoods Dylan Molloy
29%
2024 D Atlas Gavin Adler
29%
2023 D Atlas Gavin Adler
29%
2021 SSDM Whipsnakes Jake Bernhardt
29%
2019 M Whipsnakes Jake Bernhardt
29%
2025 FO Chaos Justin Inacio
29%
2025 G Outlaws Logan McNaney
29%
2025 D Whipsnakes Matt Dunn
29%
2024 D Whipsnakes Matt Dunn
29%
2023 D Whipsnakes Matt Dunn
29%
2022 D Whipsnakes Matt Dunn
29%
2021 D Whipsnakes Matt Dunn
29%
2019 D Whipsnakes Matt Dunn
29%
2025 LSM Cannons Owen Grant
29%
2025 SSDM Outlaws Ryan Terefenko
29%
2024 M Outlaws Ryan Terefenko
29%
2023 SSDM Chrome Ryan Terefenko
29%
2022 SSDM Chrome Ryan Terefenko
29%
2025 FO Redwoods T.D. Ierlan
29%
2024 FO Redwoods T.D. Ierlan
29%
2023 FO Redwoods T.D. Ierlan
29%
2021 FO Redwoods T.D. Ierlan
29%
2025 LSM Chaos Troy Reh
29%
2023 M Atlas Bryan Costabile
24%
2022 M Atlas Bryan Costabile
24%
2021 M Atlas Bryan Costabile
24%
2019 D Whipsnakes Bryce Young
24%
2022 LSM Chaos C.J. Costabile
24%
2024 LSM Redwoods Jared Conners
24%
2024 A Chaos Josh Byrne
24%
2023 A Chaos Josh Byrne
24%
2021 A Chaos Josh Byrne
24%
2019 A Chaos Josh Byrne
24%
2025 M Atlas Matt Traynor
24%
2024 FO Archers Mike Sisselberger
24%
2023 FO Archers Mike Sisselberger
24%
2024 A Redwoods Rob Pannell
24%
2023 A Redwoods Rob Pannell
24%
2022 A Redwoods Rob Pannell
24%
2021 A Redwoods Rob Pannell
24%
2025 M Archers Sam King
24%
2021 M Redwoods Sergio Perkovic
24%
2019 M Redwoods Sergio Perkovic
24%
2024 G Atlas Tim Troutner
24%
2021 G Redwoods Tim Troutner
24%
2019 G Redwoods Tim Troutner
24%
2021 A Whipsnakes Zed Williams
24%
2023 FO Chrome Connor Farrell
18%
2022 FO Chrome Connor Farrell
18%
2023 M Waterdogs Connor Kelly
18%
2022 M Waterdogs Connor Kelly
18%
2024 M Atlas Dox Aitken
18%
2024 D Cannons Garrett Epple
18%
2022 D Redwoods Garrett Epple
18%
2021 D Redwoods Garrett Epple
18%
2019 D Redwoods Garrett Epple
18%
2022 G Atlas Jack Concannon
18%
2019 G Atlas Jack Concannon
18%
2024 FO Whipsnakes Joe Nardella
18%
2021 FO Whipsnakes Joe Nardella
18%
2024 D Outlaws J.T. Giles-Harris
18%
2023 D Chrome J.T. Giles-Harris
18%
2022 D Chrome J.T. Giles-Harris
18%
2022 M Redwoods Jules Heningburg
18%
2019 A Redwoods Jules Heningburg
18%
2021 M Redwoods Kyle Harrison
18%
2019 M Redwoods Kyle Harrison
18%
2023 A Chrome Logan Wisnauskas
18%
2022 A Chrome Logan Wisnauskas
18%
2022 A Cannons Lyle Thompson
18%
2021 A Cannons Lyle Thompson
18%
2019 A Chaos Miles Thompson
18%
2021 FO Archers Stephen Kelly
18%
2023 M Waterdogs Zach Currier
18%
2022 M Waterdogs Zach Currier
18%
2021 M Waterdogs Zach Currier
18%
2022 A Chrome Brendan Nichtern
12%
2023 A Atlas Chris Gray
12%
2022 A Atlas Chris Gray
12%
2023 LSM Whipsnakes Colin Squires
12%
2019 FO Redwoods Greg Gurenlian
12%
2019 M Redwoods Joe Walters
12%
2019 A Chrome Jordan Wolf
12%
2022 M Chrome Justin Anderson
12%
2023 G Whipsnakes Kyle Bernlohr
12%
2022 G Whipsnakes Kyle Bernlohr
12%
2021 G Whipsnakes Kyle Bernlohr
12%
2019 G Whipsnakes Kyle Bernlohr
12%
2024 A Archers Mac O'Keefe
12%
2023 A Archers Mac O'Keefe
12%
2019 M Chaos Mark Glicini
12%
2023 LSM Whipsnakes Michael Ehrhardt
12%
2022 LSM Whipsnakes Michael Ehrhardt
12%
2021 LSM Whipsnakes Michael Ehrhardt
12%
2019 LSM Whipsnakes Michael Ehrhardt
12%
2022 M Whipsnakes Mike Chanenchuk
12%
2019 M Whipsnakes Mike Chanenchuk
12%
2024 SSDM Archers Piper Bond
12%
2019 A Atlas Ryan Brown
12%
2024 M Cannons Ryan Drenner
12%
2019 A Whipsnakes Ryan Drenner
12%
2019 M Redwoods Sergio Salcido
12%
2023 M Whipsnakes Tucker Dordevic
12%
2022 D Atlas Tucker Durkin
12%
2021 D Atlas Tucker Durkin
12%
2019 D Atlas Tucker Durkin
12%
2022 A Archers Will Manny
12%
2021 A Archers Will Manny
12%
2019 A Archers Will Manny
12%
2023 SSDM Cannons Zach Goodrich
12%
2021 SSDM Cannons Zach Goodrich
12%
2021 G Archers Adam Ghitelman
6%
2021 D Cannons Brodie Merrill
6%
2019 D Chaos Brodie Merrill
6%
2022 D Atlas Cade van Raaphorst
6%
2019 M Atlas Connor Buczek
6%
2021 SSDM Archers Dominique Alexander
6%
2021 D Redwoods Eddy Glazener
6%
2019 M Chaos Jake Froccaro
6%
2022 D Cannons Jake Pulver
6%
2019 A Chrome Justin Guterding
6%
2019 LSM Atlas Kyle Hartzell
6%
2019 D Redwoods Matt Landis
6%
2023 M Archers Matt Moore
6%
2022 M Archers Matt Moore
6%
2024 SSDM Waterdogs Matt Whitcher
6%
2023 D Chrome Mike Manley
6%
2022 D Chrome Mike Manley
6%
2023 SSDM Chrome Mike Messenger
6%
2021 M Waterdogs Mikie Schlosser
6%
2023 M Redwoods Nakeie Montgomery
6%
2019 M Chrome Ned Crotty
6%
2021 LSM Archers Scott Ratliff
6%
2019 LSM Archers Scott Ratliff
6%
2022 G Chrome Sean Sconone
6%
2023 D Chaos Will Bowen
6%
2021 M Chrome Will Haus
6%
2024 SSDM Chaos Zach Geddes
6%
2024 LSM Waterdogs Ben Randall
0%
2019 M Whipsnakes Drew Snider
0%
2019 D Archers Matt McMahon
0%
2019 M Whipsnakes Tyler Warner
0%
No matching quizzes found
Score Distribution
Percent of People with Each Score
Percentile by Number Answered
Your Score History
You have not taken this quiz